banner-ar

مصطلح المحايد: المذكر والمؤنث المجازيان / (Record no. 41002)

MARC details
000 -الفاتح
حقل البيانات ثابتة الطول 00496nam a2200157Ia 4500
008 - عناصر البيانات ثابتة الطول - معلومات عامة
حقل البيانات ثابتة الطول 140319s9999 xx 000 0 ara d
040 ## - مصدر الفهرسة
وكالة الفهرسة الأصلية GCL /
وكالة النسخ GCL
082 04 - رقم تصنيف ديوى العشرى
رقم التصنيف 415.5
رقم المادة ع م
100 1# - المدخل الرئيسى - إسم شخصى
الإسم الشخصى عصام نورالدين
245 10 - بيان العنوان
العنوان مصطلح المحايد: المذكر والمؤنث المجازيان /
بيان المسئوليه,etc عصام نورالدين
300 ## - الوصف المادى
التعداد 178 ص
490 ## - بيان السلسلة
عنوان السلسلة المكتبة الجامعية
رقم المجلد/ التعيين التسلسلي 0
650 04 - المدخل الاضافى بالموضوع-مصطلح موضوعى
مصطلح موضوعي اللغة العربية - الصرف
942 ## - عناصر المدخل الإضافي( كوها)
مصدر التصنيف او مخطط الترفيف Dewey Decimal Classification
Koha [default] item type كتاب
Holdings
حالة التراجع حالة الفقد حالة تلف ليس للاعارة المكان المؤقت الموقع الحالى تاريخ الاكتساب اجمالي اﻻعارات رقم الطلب الباركود تاريخ اخر مشاهدة تاريخ تفعيل السعر نوع وعاء كوها
        مكتبة القاهرة الكبرى مكتبة القاهرة الكبرى 03/26/2014   415.5\ع م 98911 03/26/2014 03/26/2014 كتاب
        مكتبة القاهرة الكبرى مكتبة القاهرة الكبرى 03/26/2014   415.5\ع م 98912 03/26/2014 03/26/2014 كتاب
        مكتبة القاهرة الكبرى مكتبة القاهرة الكبرى 03/26/2014   415.5\ع م 98913 03/26/2014 03/26/2014 كتاب

Powered By

EGPV